Eurovision Song Contest 2026 - Statistics

General Stats
  • This quiz has been taken 187 times
  • The average score is 53 of 70
Answer Stats
Country Act or Song % Correct
Swedish Song My System
95%
Moldovan Song Viva, Moldova!
95%
Greek Song Ferto
94%
Swedish Act Felicia
91%
German Song Fire
91%
Bulgarian Song Bangaranga
90%
Maltese Song Bella
90%
Romanian Song Choke Me
90%
Belgian Song Dancing on the Ice
90%
Cypriotic Song Jalla
90%
Luxembourgish Song Mother Nature
90%
Norwegian Song Ya Ya Ya
90%
Croatian Act Lelek
89%
Israeli Song Michelle
87%
French Song Regarde !
87%
Sammarinese Song Superstar
87%
Estonian Song Too Epic to Be True
87%
Croatian Song Andromeda
86%
Polish Song Pray
86%
Albanian Song Nân
85%
Czech Song Crossroads
84%
Australian Song Eclipse
84%
Montenegrine Song Nova zora
84%
Georgian Song On Replay
84%
Moldovan Act Satoshi
84%
Sammarinese Act Senhit
84%
Lithuanian Song Sólo quiero más
83%
Swiss Song Alice
82%
Cypriotic Act Antigoni
82%
Portuguese Song Rosa
82%
Greek Act Akylas
81%
Bulgarian Act Dara
81%
Azerbaijani Song Just Go
81%
Austrian Act Cosmó
80%
Latvian Song Ēnā
79%
Austrian Song Tanzschein
79%
British Song Eins, Zwei, Drei
78%
German Act Sarah Engels
78%
Serbian Song Kraj mene
77%
Armenian Song Paloma Rumba
77%
Polish Act Alicja
76%
Estonian Act Vanilla Ninja
76%
Maltese Act Aidan
74%
Italian Song Per sempre sì
74%
British Act Look Mum No Computer
73%
Ukrainian Act Leléka
72%
French Act Monroe
72%
Georgian Act Bzikebi
71%
Luxembourgish Act Eva Marija
69%
Italian Act Sal Da Vinci
69%
Australian Act Delta Goodrem
68%
Serbian Act Lavina
68%
Albanian Act Alis
67%
Israeli Act Noam Bettan
67%
Ukrainian Song Ridnym
67%
Finnish Song Liekinheitin
66%
Armenian Act Simón
64%
Swiss Act Veronica Fusaro
64%
Azerbaijani Act Jiva
63%
Romanian Act Alexandra Căpitănescu
62%
Belgian Act Essyla
60%
Norwegian Act Jonas Lovv
60%
Danish Song Før vi går hjem
59%
Lithuanian Act Lion Ceccah
59%
Latvian Act Atvara
57%
Czech Act Daniel Žižka
57%
Portuguese Act Bandidos do Cante
51%
Finnish Act Linda Lampenius × Pete Parkkonen
51%
Montenegrine Act Tamara Živković
51%
Danish Act Søren Torpegaard Lund
47%
No matching quizzes found
Score Distribution
Percent of People with Each Score
Percentile by Number Answered
Your Score History
You have not taken this quiz